Transistor circuit design (Record no. 23504)

000 -LEADER
fixed length control field 00584nam a22002171 4500
001 - CONTROL NUMBER
control field 23504
003 - CONTROL NUMBER IDENTIFIER
control field BD-DhUET
008 - FIXED-LENGTH DATA ELEMENTS--GENERAL INFORMATION
fixed length control field 721219s1963 nyua b 000 0 eng
040 ## - CATALOGING SOURCE
Original cataloging agency DLC
Transcribing agency DLC
Modifying agency BD-DhUET
082 ## - DEWEY DECIMAL CLASSIFICATION NUMBER
Classification number 623.8151
Item number TEX/1963
110 ## - MAIN ENTRY--CORPORATE NAME
Corporate name or jurisdiction name as entry element Texas Instruments Incorporated
245 10 - TITLE STATEMENT
Title Transistor circuit design
250 ## - EDITION STATEMENT
Edition statement 1st ed.
260 ## - PUBLICATION, DISTRIBUTION, ETC. (IMPRINT)
Place of publication, distribution, etc. New York
Name of publisher, distributor, etc. McGraw-Hill
Date of publication, distribution, etc. 1963
300 ## - PHYSICAL DESCRIPTION
Extent xi, 523 p.
Other physical details ill.
Dimensions 26 cm.
504 ## - BIBLIOGRAPHY, ETC. NOTE
Bibliography, etc Includes bibliographies
650 #0 - SUBJECT ADDED ENTRY--TOPICAL TERM
Topical term or geographic name as entry element Transistor : Electronics
700 ## - ADDED ENTRY--PERSONAL NAME
Personal name Walston, Joseph A.
700 ## - ADDED ENTRY--PERSONAL NAME
Personal name Miller, John R.
942 ## - ADDED ENTRY ELEMENTS (KOHA)
Koha item type Corporate Publication
Holdings
Copy number Price effective from Sublocation or collection (holding branch) Koha date last seen Lost status Date acquired Withdrawn status Koha item type Not for loan Damaged status Piece designation (barcode) Koha full call number Shelving location Koha normalized classification for sorting Location (home branch) Source of classification or shelving scheme
12015-05-04Central Library, BUET2015-05-04 2015-05-04 Corporate Publication  30610623.8151/TEX/1963 Circulation section623_815100000000000_TEX_1963Central Library, BUET 
22015-05-04Central Library, BUET2015-05-04 2015-05-04 Corporate Publication  30607623.8151/TEX/1963Circulation section623_815100000000000_TEX_1963Central Library, BUET 
32015-05-04Central Library, BUET2015-05-04 2015-05-04 Corporate Publication  30612623.8151/TEX/1963 Circulation section623_815100000000000_TEX_1963Central Library, BUET 
42015-05-04Central Library, BUET2015-05-04 2015-05-04 Corporate Publication  30613623.8151/TEX/1963Circulation section623_815100000000000_TEX_1963Central Library, BUET 
52015-05-04Central Library, BUET2015-05-04 2015-05-04 Corporate Publication  26687623.8151/TEX/1963 Circulation section623_815100000000000_TEX_1963Central Library, BUET 
62015-05-07Central Library, BUET2015-05-07 2015-05-07 Corporate Publication  30608623.8151/TEX/1963Circulation section623_815100000000000_TEX_1963Central Library, BUET 
72015-05-07Central Library, BUET2015-05-07 2015-05-07 Corporate Publication  30606623.8151/TEX/1963Circulation section623_815100000000000_TEX_1963Central Library, BUET 
82015-05-07Central Library, BUET2015-05-07 2015-05-07 Corporate Publication  30609623.8151/TEX/1963Circulation section623_815100000000000_TEX_1963Central Library, BUET 
92015-06-25Central Library, BUET2015-06-25 2015-06-25 Corporate Publication  30604623.8151/TEX/1963Reading section623_815100000000000_TEX_1963Central Library, BUET 
102015-06-25Central Library, BUET2015-06-25 2015-06-25 Corporate Publication  9968623.8151/TEX/1963Reading section623_815100000000000_TEX_1963Central Library, BUET 
112015-06-25Central Library, BUET2015-06-25 2015-06-25 Corporate Publication  30605623.8151/TEX/1963Reading section623_815100000000000_TEX_1963Central Library, BUET